Skúsenosti z prípravy certifikácie systému riadenia akosti v a.s. Vzduchotechnika, Nové Mesto nad Váhom Akosť podľa ISO 9000
Budovanie systému riadenia akosti (SRA) v a.s. Vzduchotechnika Nové Mesto nad Váhom v spolupráci s konzultačnou firmou Proconsult, s.r.o. Bratislava. Organizačné zabezpečenie SRA, zodpovednosť zmocnenca pre akosť, príprava pracovníkov (dlhodobé kurzy pre vybraných pracovníkov, organizované švajčiars...
Saved in:
| Main Author: | |
|---|---|
| Other Authors: | |
| Format: | Book Chapter |
| Language: | Slovak |
| Subjects: | |
| Tags: |
No Tags, Be the first to tag this record!
|
MARC
| LEADER | 00000naa a2200000 4500 | ||
|---|---|---|---|
| 001 | r024280 | ||
| 005 | 20221213113600.3 | ||
| 041 | 0 | |a slo | |
| 044 | |a SK | ||
| 245 | 1 | 0 | |a Skúsenosti z prípravy certifikácie systému riadenia akosti v a.s. Vzduchotechnika, Nové Mesto nad Váhom |b Akosť podľa ISO 9000 |c T. Tittoň, M. Srncová |
| 520 | |a Budovanie systému riadenia akosti (SRA) v a.s. Vzduchotechnika Nové Mesto nad Váhom v spolupráci s konzultačnou firmou Proconsult, s.r.o. Bratislava. Organizačné zabezpečenie SRA, zodpovednosť zmocnenca pre akosť, príprava pracovníkov (dlhodobé kurzy pre vybraných pracovníkov, organizované švajčiarskou firmou), náplň vzdelávania. Východiskový stav v dokumentácii SRA. Akosť v obchodnej činnosti, technickej príprave výroby, zásobovaní. Preverovanie SRA, záverečná fáza prípravy k certifikácii, riadenie po získaní certifikátu. | ||
| 610 | 2 | 0 | |a kvalita výrobkov |
| 610 | 2 | 0 | |a riadenie kvality |
| 610 | 2 | 0 | |a ISO 9000 |
| 610 | 2 | 0 | |a ISO 9001 |
| 610 | 2 | 0 | |a certifikácia |
| 610 | 2 | 0 | |a Vzduchotechnika, a.s. Nové Mesto nad Váhom |
| 610 | 2 | 0 | |a Proconsult, s.r.o. Bratislava |
| 100 | 1 | |a Tittoň, T. | |
| 700 | 1 | |a Srncová, M. | |